000 00623nam a2200217 i 4500
001 122821
003 ES-MaACL
005 20230906192040.0
007 t|
008 070214s1980 sp r ||||0| cat d
100 1 _aPujol, Jordi.
_994337
245 1 0 _aConstruir Catalunya /
_cJordi Pujol.
250 _a4ª. ed.
260 _aBarcelona :
_bPortic,
_c1980.
300 _a311 p ;
_c20 cm.
490 1 _aEntre l'acció i l'esperança ;
_v2
650 4 _aNacionalismo-
_xCataluña.
_915442
830 0 _aEntre l'acció i l'esperança ;
_v2
_9218881
852 _aES-MaACL
_jC-26645
_bR.100548
999 _c122821
_d122821